Statistics for Planeti Sunčevog Sustava - fotografije

Click here to take the quiz!

General Stats

  • This quiz has been taken 396 times
  • The average score is 7 of 8

Answer Stats

Answer% Correct
Zemlja
97%
Mars
94%
Saturn
92%
Jupiter
81%
Venera
78%
Neptun
77%
Merkur
73%
Uran
73%

Score Distribution

Percentile by Number Answered

Percent of People with Each Score

Your Score History

You have not taken this quiz